Las mujeres en la historia de Colombia. Tomo III : Mujeres y cultura / Magdala Velásquez Toro, Consejería Presidencial Para la Política Social (Registro nro. 32701)
[ vista simple ]
| 000 -LÍDER | |
|---|---|
| Campo fijo de descripción fija | 012840000a22002050004500 |
| 020 ## - NÚMERO INTERNACIONAL NORMALIZADO PARA LIBROS | |
| Número Internacional Normalizado del libro | 958-04-2983-9 |
| 041 0# - CÓDIGO DE IDIOMA | |
| Código de idioma para texto/pista de sonido o título separado | |
| 082 04 - NÚMERO DE CLASIFICACIÓN DECIMAL DEWEY | |
| Número de clasificación | G 179 V444o |
| 001 - NÚMERO DE CONTROL | |
| Campo de control | 1378 |
| 245 10 - TÍTULO | |
| Título del Material | Las mujeres en la historia de Colombia. Tomo III : Mujeres y cultura / Magdala Velásquez Toro, Consejería Presidencial Para la Política Social |
| 260 ## - PUBLICACIÓN, DISTRIBUCIÓN, ETC. (PIE DE IMPRENTA) | |
| Lugar de publicación, distribución, etc. | Bogotá, Colombia : Norma |
| 300 ## - DESCRIPCIÓN FÍSICA | |
| Extensión | 413 Pag. |
| 336 ## - CONTENT TYPE | |
| Content type term | texto |
| Content type code | txt |
| Source | rdacontent |
| 337 ## - MEDIA TYPE | |
| Source | rdamedia |
| Media type term | sin mediación |
| Media type code | n |
| 338 ## - CARRIER TYPE | |
| Source | rdacarrier |
| Carrier type term | volumen |
| Carrier type code | nc |
| 505 00 - NOTA DE CONTENIDO | |
| Nota de contenido con formato preestablecido | mujer y código simbólico -- las mujeres en la literatura colonial -- sexualidad y cultura femenina en Colombia -- el mundo colonial y las mujeres -- historia de un amor lesbiano en Colombia -- el espíritu de las modas femeninas del siglo XIX -- mujeres en la literatura del siglo XX -- escritoras Colombianas del siglo XX -- las mujeres y la poesía -- las mujeres y el arte en Colombia -- imágenes de la mujer en el arte Colombiano -- el ideal femenino del siglo XIX en Colombia -- las mujeres en la historia de la educación -- publicaciones periódicas dirigidas a la mujeres en Colombia, 1858-1930 -- vida privada en el siglo XIX |
| 650 14 - ASIENTO SECUNDARIO DE MATERIA - TERMINO TEMÁTICO | |
| Término temático o nombre geográfico como elemento de entrada | MUJERES - COLOMBIA - HISTORIA \ MUJERES EN LA LITERATURA |
| 942 ## - TIPO DE MATERIAL (KOHA) | |
| Tipo de Item KOHA | Libros General |
| Estado de Material | Estado de Perdido | Estado de Dañado | No para Préstamo | Colección | Tomo | Biblioteca de Origen | Biblioteca Permanente | Fecha de Adquisición | Total de Préstamos | Signatura Topográfica | Código de Barras | Última vez visto | Última vez Préstado | Ejemplar/Existencia | Fecha de Remplazo | Tipo de Material |
|---|---|---|---|---|---|---|---|---|---|---|---|---|---|---|---|---|
| Colección General | 3 | Biblioteca FUSBC | Biblioteca FUSBC | 14/10/2004 | 1 | G 179 V444o | 841 | 12/12/2019 | 22/02/2018 | 1 | 26/01/2016 | Libros General |
